Normal view
MARC view
- MS-Electrical Engineering
Entry Topical Term
001 - CONTROL NUMBER
- control field: 129135
003 - CONTROL NUMBER IDENTIFIER
- control field: NUST
005 - DATE AND TIME OF LATEST TRANSACTION
- control field: 20250613162831.0
008 - FIXED-LENGTH DATA ELEMENTS
- fixed length control field: 250613|| aca||aabn | a|a d
040 ## - CATALOGING SOURCE
- Original cataloging agency: NUST
- Transcribing agency: NUST
150 ## - HEADING--TOPICAL TERM
- Topical term or geographic name entry element: MS-Electrical Engineering
670 ## - SOURCE DATA FOUND
- Source citation: Work cat.: (NUST): Sattar, Hafiza Zunera Abdul 129134, Safe and Stable Software-Defined Vehicular Communication Under Foggy Weather Conditions/
